000 00524cam a2200145 4500500
005 20260322005421.0
041 _afre
042 _adc
100 1 0 _aSibony, Judith
_eauthor
245 0 0 _aPar-delà la sagesse. Comment vivre ?, de Jean-Luc Giribone, Seuil, 154 p., 19,50 €
260 _c2023.
500 _a45
786 0 _nRevue des deux Mondes | Septembre | 6 | 2023-09-01 | p. 182-183 | 2266-4734
856 4 1 _uhttps://shs.cairn.info/revue-revue-des-deux-mondes-2023-6-page-182?lang=fr&redirect-ssocas=7080
999 _c1748345
_d1748345